000 00735nam a2200217Ia 4500
003 GCL
008 140319s9999 xx 000 0 ara d
040 _aGCL /
_cGCL
082 0 4 _aد
_b050
100 1 _aمحمد السيد سعيد
245 1 0 _aالثورة التكنولوجية: خيارات مصر للقرن 21 /
_cمحمد السيد سعيد
300 _a278 ص
490 _aالهيئة العامة للاستعلامات
_v0
650 0 4 _aالتكنولوجيا
650 0 4 _aالتغير الاجتماعى
650 0 4 _aالاجتماع، علم
650 0 4 _aالتقدم الاجتماعى
650 0 4 _aالتقدم التكنولوجيا
650 0 4 _aالتقدم التكنولوجى
942 _2ddc
_cBK
999 _c50587
_d50587